Les Particules (présentes dans leur Modèle Standard Physique) - Statistiques

Statistiques générales
  • Ce quiz a été pris 39 fois
  • Le résultat moyen est 12 sur 17
Statistiques - réponses
Réponse % Correct
Down
90%
Up
90%
Charm
83%
Boson de Higgs
80%
Bottom
80%
Électron
80%
Gluon
80%
Muon
80%
Strange
80%
Top
80%
Boson W
73%
Tau
70%
Boson Z
67%
Photon
63%
Neutrino électronique
50%
Neutrino muonique
50%
Neutrino tauique
50%
Aucun quiz correspondant
Distribution des résultats
% des personnes avec chaque résultat
Percentile par nombre de réponses
Votre historique - résultats
Vous n’avez pas pris ce quiz